书目信息 |
| 题名: |
科学健身防流感
|
|
| 作者: | 张冰 , 邸慧君 主编 | |
| 分册: | ||
| 出版信息: | 北京 机械工业出版社 2010 |
|
| 页数: | 231页 | |
| 开本: | 21cm | |
| 丛书名: | ||
| 单 册: | ||
| 中图分类: | G804.3 | |
| 科图分类: | ||
| 主题词: | 体育保健学--基本知识 , 体育保健学 | |
| 电子资源: | ||
| ISBN: | 978-7-111-29273-9 | |
| 000 | 00894nam0 2200253 45 | |
| 001 | 1050920687 | |
| 005 | 20100416093008.62 | |
| 010 | @a978-7-111-29273-9@dCNY19.00 | |
| 100 | @a20100409d2010 em y0chiy50 ea | |
| 101 | 0 | @achi |
| 102 | @aCN@b110000 | |
| 105 | @aa z 000yy | |
| 106 | @ar | |
| 200 | 1 | @a科学健身防流感@AKe Xue Jian Shen Fang Liu Gan@f张冰,邸慧君主编@FZhang Bing, Di Hui Jun Zhu Bian |
| 210 | @a北京@c机械工业出版社@d2010 | |
| 215 | @a231页@c图@d21cm | |
| 330 | @a本书不仅对健身防流感的原则与要领加以介绍,还对常见各种健身项目逐个进行评述和推荐,同时针对不同人群、不同场合健身计划的制订与管理提出系统的解决方案。 | |
| 606 | 0 | @a体育保健学@x基本知识 |
| 606 | 0 | @a体育保健学 |
| 690 | @aG804.3@v4 | |
| 701 | 0 | @a张冰@AZhang Bing@f(1960~)@4主编 |
| 701 | 0 | @a邸慧君@ADi Hui Jun@f(1978~)@4主编 |
| 801 | 0 | @aCN@bTANGWEI@c20100416 |
| 905 | @b0591771-74@dG804.3@e345@f4 | |
| 科学健身防流感/张冰,邸慧君主编.-北京:机械工业出版社,2010 |
| 231页:图;21cm |
| ISBN 978-7-111-29273-9:CNY19.00 |
| 本书不仅对健身防流感的原则与要领加以介绍,还对常见各种健身项目逐个进行评述和推荐,同时针对不同人群、不同场合健身计划的制订与管理提出系统的解决方案。 |
| ● |
| 相关链接 |
|
|
|
|
正题名:科学健身防流感
索取号:G804.3/345
 
预约/预借
| 序号 | 登录号 | 条形码 | 馆藏地/架位号 | 状态 | 备注 |
| 1 | 0591771 | 205917711 | 第一样本阅览室/ [索取号:G804.3/345] | 在馆 | |
| 2 | 0591772 | 205917720 | 第四借阅区/ [索取号:G804.3/345] | 在馆 | |
| 3 | 0591773 | 205917739 | 第四借阅区/ [索取号:G804.3/345] | 在馆 | |
| 4 | 0591774 | 205917748 | 第四借阅区/ [索取号:G804.3/345] | 在馆 |